| 000 | 00820nam0a22002291 4500 | ||
|---|---|---|---|
| 001 | rc\2716995 | ||
| 005 | 20250529124909.0 | ||
| 035 | _a(NLR Aleph) 006844806 | ||
| 090 |
_a6683877 _c6683877 |
||
| 100 | _a20110915d1938 |||y0rusy50 ca | ||
| 101 | 0 | _arus | |
| 102 | _aRU | ||
| 105 | _ay z ||||| | ||
| 200 | 1 |
_aВ помощь учителю _eСборник важнейших документов по вопросам сов. школы _fИркут. обл. отд. нар. образ. |
|
| 210 |
_aИркутск _cОбл. изд-во _d1938 _gТип. треста "Полиграфкнига" |
||
| 215 |
_a140 с. _d23 см. |
||
| 712 | 0 | 1 |
_aИркутская обл. _bОтдел нар. образ. |
| 801 | 0 |
_aRU _bNLR _gpsbo |
|
| 801 | 1 |
_aRU _bELAR _2rusmarc |
|
| 852 |
_aNLR _j38-4/1257 |
||
| 942 | _cBOOK | ||
| 980 | _aNB | ||